| 000 | 00387 a2200145 4500 | ||
|---|---|---|---|
| 020 | _a8496540014 | ||
| 082 |
_a708 _bT693 |
||
| 110 |
_aGeneralitat de Catalunya _9374 |
||
| 245 | _aCASM Vol.1. | ||
| 260 |
_aBarcelona _bActar-D _c2005 |
||
| 300 |
_a221 _bill, col _c24cm |
||
| 650 |
_aCentro de Arte Santa Mn̤ica _9375 |
||
| 650 |
_aHistoria del Arte _9156 |
||
| 650 |
_aExposiciones _vBarcelona _9376 |
||
| 999 |
_c74 _d74 |
||